| 000 | 00562nam a22001817a 4500 | ||
|---|---|---|---|
| 005 | 20231130100244.0 | ||
| 008 | 231130b |||||||| |||| 00| 0 eng d | ||
| 020 | _a9991650385 | ||
| 041 | _aEnglish | ||
| 082 | _a332.6 SAU | ||
| 100 |
_aSaunderson, B _lEnglish |
||
| 245 |
_aPrivate Investor : _bA Practical Guide to Share Investment / _cB Saunderson |
||
| 250 | _aFirst Edition | ||
| 260 |
_aWindhoek : _bCapital Press, _c2000 |
||
| 300 |
_biv, 88 pages ; _c22 cm. |
||
| 650 |
_aLegal practice _bLaw |
||
| 942 |
_cBK _6ALISON_BN_VRIES |
||
| 999 |
_c1082 _d1082 |
||